Leaders at all levels : Deepening your talent pool to solve the succession crisis

Charan reveals exactly what's wrong with corporate leadership development and tells how to make it right. He explains the concept of a leadership "gene pool" and shows how companies can discover just what "DNA" they need to succeed. He also details how to uncover the hidden...

Cur síos iomlán

Đã lưu trong:
Sonraí Bibleagrafaíochta
Príomhúdar: Charan, Ram
Formáid: Leabhar
Teanga:Undetermined
Foilsithe: San Francisco Jossey-Bass 2008
Ábhair:
Clibeanna: Cuir Clib Leis
Gan Chlibeanna, Bí ar an gcéad duine leis an taifead seo a chlibeáil!
Thư viện lưu trữ: Trung tâm Học liệu Trường Đại học Cần Thơ
LEADER 01217nam a2200229Ia 4500
001 CTU_163657
008 210402s9999 xx 000 0 und d
020 |c 18.26 
082 |a 658.4092 
082 |b C469 
100 |a Charan, Ram 
245 0 |a Leaders at all levels : 
245 0 |b Deepening your talent pool to solve the succession crisis 
245 0 |c Ram Charan 
260 |a San Francisco 
260 |b Jossey-Bass 
260 |c 2008 
520 |a Charan reveals exactly what's wrong with corporate leadership development and tells how to make it right. He explains the concept of a leadership "gene pool" and shows how companies can discover just what "DNA" they need to succeed. He also details how to uncover the hidden leaders in a company, when and where to bring in fresh talent, how to coach, measure, and reward leadership, and much more. For CEOs, directors, and anyone involved in leadership development, Leaders at All Levels is an eye-opening guide on how to get succession right. 
650 |a Leadership,Executive succession,Lãnh đạo,Lãnh đạo kế nhiệm 
650 |x Planning,Kế hoạch 
904 |i Qhieu 
980 |a Trung tâm Học liệu Trường Đại học Cần Thơ